[Event "AUTO-OPEN-566"]
[Site "http://www.queenalice.com/game.php?id=171968"]
[Date "2007.2.21"]
[Round "1"]
[White "def_platters"]
[Black "Cronos"]
[Result "0-1"]
[WhiteElo "1073"]
[BlackElo "1715"]

1. d4 d5 2. Bf4 Nc6 3. Qd3 Nb4 4. Qb3 e6 5. c3 Nc6 6. Na3 a6 7. g4 b5 8. Nxb5
axb5 9. Qxb5 Bd7 10. Nf3 Nxd4 11. Qd3 Nxf3+ 12. exf3 Be7 13. Qxd5 exd5 14. a4
Rxa4 15. Be5 Rxa1+ 16. Ke2 Bb5+ 0-1

[Event "AUTO-OPEN-566"]
[Site "http://www.queenalice.com/game.php?id=171969"]
[Date "2007.2.21"]
[Round "1"]
[White "Cronos"]
[Black "def_platters"]
[Result "1-0"]
[WhiteElo "1717"]
[BlackElo "1073"]

1. e4 e6 2. d4 d5 3. e5 Nc6 4. c3 f5 5. g4 fxg4 6. Qxg4 Nh6 7. Bxh6 Rg8 8. Bg5
Ne7 9. Qh5+ Kd7 10. Qxh7 a5 11. Qxg8 Nxg8 12. Bxd8 Kxd8 13. Nf3 b5 14. Bxb5 Rb8
15. a4 Ne7 16. Ng5 Rxb5 17. axb5 1-0

[Event "Challenge"]
[Site "http://www.queenalice.com/game.php?id=172388"]
[Date "2007.2.22"]
[Round "-"]
[White "farofa38"]
[Black "def_platters"]
[Result "1-0"]
[WhiteElo "1469"]
[BlackElo "1196"]

1. g4 Nf6 2. e3 g6 3. Bg2 h5 4. g5 d5 5. gxf6 exf6 6. d4 Bb4+ 7. c3 Ba5 8. b4
Bg4 9. Qd3 Rg8 10. bxa5 Nc6 11. Qb5 Kd7 12. Bxd5 Qe7 13. Qxb7 Rab8 14. Qxc6+ Kd8
15. Na3 f5 16. f3 Qxe3+ 17. Bxe3 Kc8 18. fxg4 Rb1+ 19. Rxb1 Rd8 20. Bf4 hxg4 21.
Qxc7# 1-0

[Event "Challenge"]
[Site "http://www.queenalice.com/game.php?id=172454"]
[Date "2007.2.22"]
[Round "-"]
[White "morpheo"]
[Black "def_platters"]
[Result "1-0"]
[WhiteElo "1538"]
[BlackElo "1225"]

1. d4 d6 2. e4 e5 3. d5 Nf6 4. Bg5 h6 5. Bxf6 gxf6 6. c4 c5 7. Qb3 Qa5+ 8. Nc3
Bg4 9. Qxb7 Na6 10. Qxa8+ Qd8 11. Qc6+ Ke7 12. Qxa6 Ke8 13. h3 Bh5 14. g4 Bg6
15. Bd3 Be7 16. Qxa7 Kf8 17. O-O-O f5 18. exf5 Bh7 19. Ne4 Bg5+ 20. Nxg5 hxg5
21. Nf3 Rg8 22. Be4 Kg7 23. h4 Qf6 24. hxg5 Qd8 25. f6+ Kh8 26. Rxh7# 1-0

[Event "Challenge"]
[Site "http://www.queenalice.com/game.php?id=172814"]
[Date "2007.2.23"]
[Round "-"]
[White "def_platters"]
[Black "ESSantos"]
[Result "0-1"]
[WhiteElo "1022"]
[BlackElo "1830"]

1. c4 e6 2. Qa4 Qf6 3. Nf3 Nc6 4. Nc3 Nd4 5. Nxd4 Qxd4 6. h4 Nf6 7. d3 Ng4 8.
Qb4 Bxb4 9. Kd2 Nxf2 10. e3 Qe5 11. Rh3 Nxh3 12. a3 Ba5 13. gxh3 Qh2+ 14. Be2 h5
15. b4 Rh6 16. bxa5 Rg6 17. Bb2 Rg1 0-1

[Event "AUTO-INT-360"]
[Site "http://www.queenalice.com/game.php?id=173430"]
[Date "2007.2.24"]
[Round "1"]
[White "appalachia"]
[Black "def_platters"]
[Result "1-0"]
[WhiteElo "1320"]
[BlackElo "1106"]

1. b4 e5 2. a3 Qh4 3. Bb2 Qf4 4. e3 Qg5 5. Qf3 f5 6. Bxe5 d6 7. Bf4 Qh4 8. Bg3
Qc4 9. Bxc4 Nf6 10. Bd5 Nxd5 11. Qxd5 1-0

[Event "AUTO-INT-360"]
[Site "http://www.queenalice.com/game.php?id=173431"]
[Date "2007.2.24"]
[Round "1"]
[White "def_platters"]
[Black "appalachia"]
[Result "0-1"]
[WhiteElo "1088"]
[BlackElo "1327"]

1. e4 d5 2. Qh5 Nf6 3. Qh4 h5 4. Nc3 e6 5. Bb5+ Bd7 6. Bd3 Nc6 7. Nf3 dxe4 8.
Nxe4 Nxe4 9. Bxe4 Qxh4 10. Nxh4 g6 11. Nxg6 Rh6 0-1

[Event "AUTO-INT-360"]
[Site "http://www.queenalice.com/game.php?id=173446"]
[Date "2007.2.24"]
[Round "1"]
[White "SGrillo"]
[Black "def_platters"]
[Result "1-0"]
[WhiteElo "1664"]
[BlackElo "1106"]

1. e4 e5 2. Nf3 Qe7 3. Bc4 Qb4 4. b3 Qc5 5. Ba3 Qxc4 6. bxc4 Nc6 7. Bxf8 Kxf8 8.
O-O Nf6 9. d3 b6 10. Nc3 Ba6 11. Qd2 h5 12. Nd5 Rh6 13. Nxc7 1-0

[Event "AUTO-INT-360"]
[Site "http://www.queenalice.com/game.php?id=173447"]
[Date "2007.2.24"]
[Round "1"]
[White "def_platters"]
[Black "SGrillo"]
[Result "0-1"]
[WhiteElo "1106"]
[BlackElo "1662"]

1. e4 e5 2. Qh5 Qf6 3. Bc4 g6 4. Qe2 d6 5. d4 Be6 6. Bxe6 Qxe6 7. Nc3 exd4 8.
Na4 Nf6 9. f3 Nc6 10. Nh3 Qe5 11. Bf4 Qe6 12. Ng5 Qe7 13. h4 Nh5 0-1

[Event "AUTO-INT-360"]
[Site "http://www.queenalice.com/game.php?id=173456"]
[Date "2007.2.24"]
[Round "1"]
[White "Dangermouse"]
[Black "def_platters"]
[Result "1-0"]
[WhiteElo "1544"]
[BlackElo "1073"]

1. e4 c5 2. Bc4 f5 3. exf5 Nh6 4. Qf3 d5 5. Bxd5 Nxf5 6. Bxb7 Bxb7 7. Qxb7 Nd6
8. Qd5 g5 9. Qxg5 Nc6 10. Qxc5 Rc8 11. Qh5+ Nf7 12. Nf3 1-0

[Event "AUTO-INT-360"]
[Site "http://www.queenalice.com/game.php?id=173457"]
[Date "2007.2.24"]
[Round "1"]
[White "def_platters"]
[Black "Dangermouse"]
[Result "0-1"]
[WhiteElo "1073"]
[BlackElo "1546"]

1. Nf3 e6 2. c4 d5 3. Qa4+ Bd7 4. Qc2 Nf6 5. cxd5 Nxd5 6. Qe4 Bc6 7. Ne5 Bd6 8.
Nxc6 Nxc6 9. Nc3 Nxc3 10. dxc3 O-O 11. a4 a6 0-1